Statistics for Countries in Europe without a metro

Click here to take the quiz!

General Stats

  • This quiz has been taken 44 times
    (24 since last reset)
  • The average score is 19 of 22

Answer Stats

Answer% Correct
Slovakia
95%
Estonia
90%
Latvia
90%
Lithuania
90%
Luxembourg
90%
Moldova
90%
Slovenia
90%
Andorra
86%
Croatia
86%
Iceland
86%
Monaco
86%
Montenegro
86%
North Macedonia
86%
VaticanCity
86%
Albania
81%
Ireland
81%
Liechtenstein
81%
Malta
81%
San Marino
81%
Bosnia and Herzegovina
76%
Serbia
76%
Kosovo
71%

Score Distribution

Percentile by Number Answered

Percent of People with Each Score

Your Score History

You have not taken this quiz since the last reset